[Event "GER Seniors Derby 09th"]
[Site "Wesel Undeloh"]
[Date "2010.04.10"]
[Round "5.13"]
[White "Weinberger, Hans"]
[Black "Soffner, Gerhard"]
[Result "1/2-1/2"]
[WhiteElo "1598"]
[BlackElo "1785"]
[PlyCount "61"]
[EventDate "2010.04.08"]
[EventType "swiss"]
[EventRounds "7"]
[EventCountry "GER"]
[SourceTitle "EXT 2022"]
[Source "ChessBase"]
[SourceDate "2021.10.06"]
[SourceVersion "1"]
[SourceVersionDate "2021.10.06"]
[SourceQuality "1"]

1. e4 d6 2. d4 g6 3. c3 Bg7 4. Nf3 Bg4 5. Be2 Nd7 6. h3 Bxf3 7. Bxf3 Ngf6 8. 0-0 0-0 9. Re1 e5 10. Bg5 h6 11. Be3 c6 12. Nd2 Qc7 13. Rb1 Rfe8 14. Qc2 Kh7 15. Be2 c5 16. dxe5 dxe5 17. Bc4 Nf8 18. Rf1 Nh5 19. Bd5 Ne6 20. Qb3 Rab8 21. a4 b6 22. Qd1 Nhf4 23. Nf3 Rbd8 24. c4 Nxd5 25. exd5 Nd4 26. Ne1 Nf5 27. Nd3 a5 28. Qc2 Re7 29. Rbd1 Nd4 30. Qd2 Nf5 31. Ne1 1/2-1/2

[Event "GER Seniors Derby 09th"]
[Site "Wesel Undeloh"]
[Date "2010.04.08"]
[Round "2.22"]
[White "Guth, Wolfgang"]
[Black "Weinberger, Hans"]
[Result "0-1"]
[WhiteElo "1413"]
[BlackElo "1598"]
[PlyCount "126"]
[EventDate "2010.04.08"]
[EventType "swiss"]
[EventRounds "7"]
[EventCountry "GER"]
[SourceTitle "EXT 2022"]
[Source "ChessBase"]
[SourceDate "2021.10.06"]
[SourceVersion "1"]
[SourceVersionDate "2021.10.06"]
[SourceQuality "1"]

1. c4 e5 2. Nc3 Nc6 3. g3 Nf6 4. Bg2 d6 5. d3 h6 6. Nf3 Be7 7. 0-0 0-0 8. b3 Bg4 9. Bb2 Qd7 10. Qd2 Rad8 11. Nd5 Rfe8 12. e4 Nb8 13. Ne1 c6 14. Nxe7+ Rxe7 15. Ba3 b6 16. Nc2 c5 17. Ne3 Nc6 18. Nxg4 Qxg4 19. Qd1 Qc8 20. f4 Nd4 21. Bc1 Qg4 22. Qxg4 Nxg4 23. h3 Ne2+ 24. Kh1 Nxg3+ 25. Kg1 Ne2+ 26. Kh1 Nxc1 27. Raxc1 Ne3 28. Rf3 exf4 29. Rxf4 Nxg2 30. Kxg2 Re6 31. Rcf1 Rd7 32. Kf3 g5 33. Rf5 Re5 34. Kg4 Rxf5 35. Rxf5 Kg7 36. Kh5 a6 37. a4 b5 38. Rd5 bxc4 39. bxc4 f6 40. a5 Rd8 41. h4 Kf7 42. Kg4 Ke6 43. Rf5 Rb8 44. Kh5 Rg8 45. Kg4 gxh4+ 46. Kxh4 Rg5 47. Rf1 Rg2 48. Kh5 Kf7 49. Rf3 Rh2+ 50. Kg4 Ke6 51. Kf4 h5 52. Rg3 Rh4+ 53. Ke3 Rg4 54. Rh3 h4 55. Kd2 Ke5 56. Rf3 Rf4 57. Rh3 f5 58. exf5 Kxf5 59. Ke3 Ke5 60. Rh1 Rg4 61. Kf3 Rg3+ 62. Ke2 h3 63. Kd2 Kd4 0-1